Top 25 najlepszych piłkarzy w XXI wieku - Statystyki

Ogólne statystyki
  • Ten quiz został rozwiązany 230 razy
  • Średni wynik to 16 z 25
Statystyki odpowiedzi
Narodowość Piłkarz % Poprawnych
Portugalia Cristiano Ronaldo
99%
Argentyna Lionel Messi
99%
Brazylia Ronaldo
99%
Francja Kylian Mbappé
96%
Polska Robert Lewandowski
92%
Chorwacja Luka Modrić
86%
Francja Zinedine Zidane
80%
Urugwaj Luis Suárez
79%
Brazylia Neymar
78%
Szwecja Zlatan Ibrahimović
78%
Hiszpania Andres Iniesta
72%
Brazylia Ronaldinho
72%
Hiszpania Xavi
70%
Belgia Kevin De Bruyne
69%
Francja Thierry Henry
65%
Hiszpania Sergio Ramos
51%
Włochy Gianluigi Buffon
49%
Francja Karim Benzema
49%
Hiszpania Carles Puyol
41%
Brazylia Kaka
37%
Niemcy Toni Kroos
35%
Wielka Brytania Wayne Rooney
35%
Włochy Andrea Pirlo
29%
Hiszpania Sergio Busquets
24%
Francja Patrick Vieira
11%
Nie znaleziono quizów pasujących do podanych kryteriów
Rozkład punktacji
Procent ludzi z każdym wynikiem
Percentyl według liczby udzielonych odpowiedzi
Twoja historia wyników
Nie rozwiązałeś tego quizu